71 - Né(es) un 12 mars - Statistiques

Statistiques générales
  • Ce quiz a été pris 13 fois
  • Le résultat moyen est 4 sur 12
Statistiques - réponses
Hint Année de naissance Réponse % Correct
Chanteur belge. Connu pour "Formidable", "Papaoutai", "Alors on danse", "Tous les mêmes", "Cheese". 1985 Stromae|Paul Van Haver
100%
Jardinier du roi Louis XIV de 1645 à 1700. Concepteur de l'aménagement du parc et des jardins du château de Versailles, et du jardin de Vaux-le-Vicomte. 1613 André Le Nôtre|André Le Nostre
82%
Joueur de football français. Il remporte le championnat d'Europe en 1984 avec l'équipe de France. Fut percuté brutalement par le gardien de but Harald Schumacher lors d'une rencontre officielle. 1957 Patrick Battiston
64%
Pionnier français de la publicité et du cinéma publicitaire en France. Son agence de publicité est symbolisée par un célèbre petit personnage. 1902 Jean Mineur
45%
Chanteuse et actrice américaine. Fille de Judy Garland. Vue dans les films "Pookie", "Cabaret", "New York", New York", "Arthur". 1946 Liza Minnelli
36%
Homme politique américain. Candidat à la présidence des États-Unis en 2012. 1947 Mitt Romney
36%
Écrivain et poète américain. Connu pour "Sur la route" (1957), "Les Clochards célestes" (1958), "Mexico City Blues" (1959), "Big Sur" (1962), "Satori à Paris" (1966). 1922 Jack Kerouac |Jean-Louis Kérouac
27%
Compositeur. Spécialiste de musiques de films. César de la meilleure musique, en 1979 pour "Préparez vos mouchoirs", en 1980 pour "L'Amour en fuite" et en 1981 pour "Le Dernier Métro". Oscar de la Meilleure partition originale lui est décerné en 1980 pour "I Love You, je t'aime". 1925 Georges Delerue
18%
Philosophe français. A publié "Petit Traité des grandes vertus" et "L'Esprit de l'athéisme". 1952 André Comte-Sponville
0%
Homme de lettres italien. Héros de la Première Guerre mondiale. Connu pour "L'Enfant de volupté" (1889) et "Les Vierges aux rochers" (1899). 1863 Gabriele D'Annunzio
0%
Acteur américain. A joué le rôle de "Timmy Martin" dans la série "Lassie". 1950 Jon Provost
0%
Général de division et homme d'État français sous le Second Empire. Prend le pouvoir à la suite de la proclamation de la République en 1870, et met en place un gouvernement de la Défense nationale le 4 septembre 1870. Il quitte le pouvoir le 17 février 1871. 1815 Louis Jules Trochu
0%
Aucun quiz correspondant
Distribution des résultats
% des personnes avec chaque résultat
Percentile par nombre de réponses
Votre historique - résultats
Vous n’avez pas pris ce quiz